Science Quiz

Random Science Quiz

Biomineralization Quiz Stats

 Plays Quiz not verified by Sporcle

Support Sporcle.
Go Orange.
Score 0/78 Timer 20:00
0 Plays Today
Step Answer % Correct
Pre 1Mitochondria
72.7%
Pre 1ECM
72.7%
Pre 1Ameloblasts
72.7%
Pre 1Osteoblasts and Ondontoblasts
54.5%
Pre 1Golgi, ECM
54.5%
Pre 1Ameloblasts and ondontoblasts
54.5%
Pre 1Bring Ca (II) and Pi into the MV and add to the existing ACP
45.5%
Pre 1Calcium transporter proteins (annexin family), ATPase, phosphate ion transporter
45.5%
1Synthesize and secrete dentin matrix proteins and proteoglycans, form dentin ECM
45.5%
1AACP, type I Collagen, SIBLING proteins, proteoglycans, small molecules
36.4%
1BType I collagen assembles into fibrils, forms scaffold
27.3%
1CSIBLING proteins, proteoglycans
27.3%
1DDirection of HAP crystal growth
27.3%
1DSize of HAP crystals
27.3%
1Ecitrate (kreb's cycle), phosphorylated compounds (glycolysis), silicates
27.3%
1Ereparative dentin
27.3%
Protein typesSmall integrin binding ligand N-linked glycoproteins
27.3%
Protein typesA variety of tissues
27.3%
Protein typesRegulates gene expression in nucleus
27.3%
Protein typesExported to ECM
27.3%
Protein typesModulates HAP formation
27.3%
Protein typesHypophosphatemia
27.3%
Protein typesCleavage product from precursor protein dentin sialophosphoprotein
27.3%
Protein typesExported to ECM, modulates HAP formation
27.3%
Protein typesBinds to type I collagen
27.3%
Protein typesdentinogenesis imperfecta
27.3%
Protein typesdentin sialophosphoprotein
27.3%
Protein typeshas all the same functions as DMP-2
27.3%
Protein typesbinds to amelogenin
27.3%
Protein typesdentin sialoprotein I
27.3%
Protein typesHAP growth
27.3%
Protein typesdentin and bone remodeling (resorption)
27.3%
2Synthesize and secrete enamel matrix proteins and ACP
27.3%
2AAmelogenin and other enamel proteins
27.3%
Proteinstype I collagen
22.2%
ProteinsAMEX
22.2%
ProteinsENAM
22.2%
2BNanosphere scaffold
18.2%
2CACP flows in
18.2%
Step Answer % Correct
2DEnamel rods
18.2%
2EAmeloblasts apoptose to expose the enamel
18.2%
ProteinsHAP crystals
11.1%
Proteinsproteases
11.1%
Proteinscracks
11.1%
Proteinsenamel rods
11.1%
ProteinsYes
11.1%
ProteinsDEJ
11.1%
ProteinsDEJ
11.1%
Proteinsrestricts growth and demensions
11.1%
ProteinsYes, TUFTI
11.1%
Proteinssheath area of enamel rods
11.1%
Proteinselongation of crystals
11.1%
Proteinsis removed
11.1%
ProteinsAMBN
11.1%
DiseasesDSPP, DMP-2
11.1%
Diseasesextract or restore
11.1%
DiseasesAMELX, ENAM, TUFTI
11.1%
Diseasesdermal ulcers and scars
11.1%
Diseasespromote gingival attachment, stimulate bone growth
11.1%
EnamelInsulative ceramic
11.1%
Enamelresistant to dissolution
11.1%
EnamelResistant to invasive agents
11.1%
EnamelResistant to temperature changes
11.1%
EnamelNo regenerative pathway
11.1%
EnamelCan fracture
11.1%
DentinProtein-mineral composite
11.1%
DentinFracture resistant
11.1%
DentinPorous material
11.1%
Dentinsubject to leakage
11.1%
Dentinsubject to temperature changes
11.1%
Dentinsubject to invasive agents
11.1%
Bone mineralizationosteoblast (mesenchyme)
11.1%
Bone mineralizationinto clusters
11.1%
Bone mineralizationSIBLING, PGs
11.1%
2BAllows other enamel proteins to bind
9.1%
2Cinside the pathways created by amelogenin assemblies
9.1%
Bone mineralizationforming mineral in clusters
0%
Bone mineralizationcalcium reserve
0%

You're not logged in!

Compare scores with friends on all Sporcle quizzes.
OR
Log In

From the Vault

German: Months

by SporcleAdmin

It occurred to me that the only German I actually know is from old Hogan's Heroes episodes, so I thought it might be time to brush up some.
Remove Ads.
Support Sporcle.
Get the best of Sporcle when you Go Orange. This ad-free experience offers more features, more stats, and more fun while also helping to support Sporcle. Thank you for becoming a member.

Show Comments

Extras

Created Oct 12, 2013ReportNominate
Tags:Biochemistry

Top Quizzes Today


Score Distribution

Your Account Isn't Verified!

In order to create a playlist on Sporcle, you need to verify the email address you used during registration. Go to your Sporcle Settings to finish the process.

Report this User

Report this user for behavior that violates our Community Guidelines.

Details: